000 00847nam a22002897a 4500
001 0000820
003 KOHA_MİRAKIL
005 20260207001222.0
007 ta
008 081212b2005 tu |||gr||||#0|||0|tur |
020 _a9755113991
_cYTL49,69
040 _aTR-BiSEU
_btur
_cTR-BiSEU
_erda
041 0 _atur
044 _ctu
050 _aTK2000
_b.G89 2005
100 1 _aGüzelbeyoğlu, Nurdan.
245 1 _aElektrik makineleri I-II :
_bteori kısmı/
_cNurdan Güzelbeyoğlu ; Nurdan Güzelbeyoğlu.
264 1 _aİstanbul :
_bBirsen Yayınevi
_c2005
300 _aIX, 182 sayfa: resimli
336 _ametin
_btxt
_2rdacontent
337 _aaracısız
_bn
_2rdamedia
338 _acilt
_bnc
_2rdacarrier
500 _aKaynakça ve dizin var.
650 0 _aElektrik makineleri.
_92670
907 _aOkuma Kitabı
942 _2lcc
_cBK
999 _c815
_d815